Male Fantasy - Billie Eilish - Statistics

General Stats
  • This quiz has been taken 173 times
  • The average score is 172 of 197
Answer Stats
Hint Answer % Correct
a
99%
I
99%
no
98%
not
98%
the
98%
to
98%
you
98%
Interlude You
98%
me
97%
and
96%
it
96%
it's
96%
she
96%
with
95%
be
94%
hate
94%
know
94%
myself
94%
tryin'
94%
alone
93%
at
93%
distract
93%
eat
93%
fantasy
93%
i'm
93%
looks
93%
male
93%
pornography
93%
then
93%
way
93%
Verse 1 Home
92%
how
92%
love
92%
but
91%
Chorus But
91%
can't
91%
Outro Can't
91%
do
91%
never
91%
when
91%
don't
89%
now
89%
get
88%
loved
88%
that
88%
goin'
84%
back
83%
getting
83%
hard
83%
just
83%
over
83%
satisfied
83%
therapy
83%
we
83%
would
83%
stand
82%
around
81%
could
81%
if
81%
is
81%
nobody
81%
all
80%
else
80%
so
80%
this
80%
comes
79%
convince
79%
were
79%
ago
78%
Chorus 'cause
78%
feel
78%
girl
78%
gonna
78%
got
78%
pretending
78%
think
78%
used
78%
years
78%
always
77%
dialogue
77%
from
76%
worry
76%
about
75%
what
75%
behind
74%
call
74%
should
74%
or
73%
wheel
73%
alright
72%
deal
72%
wasn't
72%
along
70%
thought
69%
nothing
68%
we'd
68%
inseparable
64%
lasts
64%
guess
61%
want
38%
matter
35%
here
27%
( okay )
19%
put
19%
No matching quizzes found
Score Distribution
Percent of People with Each Score
Percentile by Number Answered
Your Score History
You have not taken this quiz